| 000 | 01061cab a2200313 4500 | ||
|---|---|---|---|
| 001 | ABS60073 | ||
| 008 | 090401t1999 xxu||||| |||| 00| 0 eng d | ||
| 035 | _a(Sirsi) u99723 | ||
| 041 | _aeng | ||
| 100 | _aCain, C. | ||
| 245 | _aBuilding down barriers | ||
| 260 | _c1999 | ||
| 350 | _a0 | ||
| 490 |
_aFaculty of Building Journal _v8(1) February 1999, 16-19(4) |
||
| 520 | _aDescribes a research and development exercise carried out by the MOD, DETR, Laing and Amec. It aims to develop a holistic supply chain network process, after the MOD`s Defence Estate Organisation found excellence was rare among construction companies. Lists the barriers to reform identified in the pilot projects. | ||
| 650 | _aAMEC | ||
| 650 | _aCONSTRUCTION INDUSTRY | ||
| 650 | _aCONSTRUCTION PROCESS | ||
| 650 | _aCOST REDUCTION | ||
| 650 | _aDEFENCE ESTATE ORGANISATION | ||
| 650 | _aDEO | ||
| 650 | _aDETR | ||
| 650 | _aLAING | ||
| 650 | _aMOD | ||
| 650 | _aSUPPLY CHAIN MANAGEMENT | ||
| 690 | _aBUILT ENVIRONMENT | ||
| 942 | _n0 | ||
| 948 | _c03/03/1999 | ||
| 999 |
_c59960 _d59960 |
||